| 000 | 00781nam a2200217 i 4500 | ||
|---|---|---|---|
| 001 | 17568 | ||
| 003 | ES-MaACL | ||
| 005 | 20230906151622.0 | ||
| 007 | t| | ||
| 008 | 010404m19851988sp ||||1| spa d | ||
| 020 | _a84-600-4402-5 | ||
| 080 | _a017.1(460.27 M.) | ||
| 110 | 2 |
_aReal Academia de la Historia (España). _bBiblioteca. _96312 |
|
| 245 | 1 | 0 |
_aCatálogo de la colección Pablo Morillo, Conde de Cartagena / _cpor Remedios Contreras. |
| 260 |
_aMadrid : _bReal Academia de la Historia, _c1985-1988. |
||
| 300 |
_a2 v. ; _c24 cm. |
||
| 600 | 1 | 4 |
_aMorillo, Pablo- _xArchivos- _vCatálogos. _983556 |
| 610 | 2 |
_aReal Academia de la Historia (España). _bBiblioteca- _vCatálogos. _96313 |
|
| 700 | 1 |
_aContreras, Remedios. _940315 |
|
| 852 |
_aES-MaACL _jL-24518-19 _bR.129818 |
||
| 999 |
_c17568 _d17568 |
||